The Book of Moe : (Record no. 587656)

MARC details
000 -LEADER
fixed length control field 00457nam a2200181 a 4500
008 - FIXED-LENGTH DATA ELEMENTS--GENERAL INFORMATION
fixed length control field 250917s2008##################000#0#eng##
020 ## - INTERNATIONAL STANDARD BOOK NUMBER
ISBN 9780007267088
082 04 - DEWEY DECIMAL CLASSIFICATION NUMBER
Classification number 791.5973
Item number MOR
100 1# - MAIN ENTRY--AUTHOR NAME
Personal name Morrison, Bill,
245 10 - TITLE STATEMENT
Title The Book of Moe :
260 ## - PUBLICATION, DISTRIBUTION, ETC. (IMPRINT)
Name of publisher HarperTorch,
Year of publication 2008.
650 #0 - SUBJECT ADDED ENTRY--TOPICAL TERM
Topical Term American wit and humor, Pictorial.
942 ## - ADDED ENTRY ELEMENTS (KOHA)
Koha item type English Books
Holdings
Withdrawn status Lost status Damaged status Not for loan Home library Current library Shelving location Date acquired Full call number Accession Number Price effective from Koha item type
        Anna Centenary Library Anna Centenary Library 6TH FLOOR, B WING 17.09.2025 791.5973 MOR 485431 17.09.2025 English Books

Find us on the map